| 000 | 00475nam a2200181Ia 4500 | ||
|---|---|---|---|
| 008 | 230718s9999 xx 000 0 und d | ||
| 020 | _a9788125918677 | ||
| 041 | _aeng | ||
| 082 |
_a627.52 _bMIC |
||
| 100 | _aMichael A.M. | ||
| 245 |
_aIrrigation _bTheory And Practice |
||
| 250 | _a2nd ed. | ||
| 260 |
_c2019 _bVikas Publishing |
||
| 300 | _a768 | ||
| 365 |
_cRs. _b675.00 |
||
| 700 | _aMichael A.M. | ||
| 906 |
_dO:0490730-Jan-2016B:SE/SI/269607-Dec-2015 _cINST _b864 |
||
| 999 |
_c341484 _d341484 |
||